000 00305nam a22001337a 4500
008 180918b xxu||||| |||| 00| 0 eng d
020 _a9780321584205
041 _aeng
080 _210 ed
_a579
100 _a11
101 _aMIC
245 _aMicrobiology An Introduction
_cCaseT
942 _2udc
_cBK
999 _c47891
_d47891